Ecología
محفوظ في:
| المؤلف الرئيسي: | |
|---|---|
| التنسيق: | كتاب |
| اللغة: | الإسبانية |
| منشور في: |
Madrid
McGraw-Hill
1993
|
| الموضوعات: | |
| الوسوم: |
إضافة وسم
لا توجد وسوم, كن أول من يضع وسما على هذه التسجيلة!
|
MARC
| LEADER | 00000nam a2200000 a 4500 | ||
|---|---|---|---|
| 001 | UCY5493 | ||
| 003 | CL-VaPUC | ||
| 008 | 950511e19930000SP |||||||||||||||||spa|d | ||
| 082 | 0 | 4 | |a 363.7 |b CAL |2 21 |
| 100 | 0 | |a Caldwell, Lynton Keith |e author |9 334321 | |
| 245 | 1 | 0 | |a Ecología |
| 246 | 1 | 0 | |a Ciencia y política medioambiental |
| 300 | |a 251 p | ||
| 942 | |c BK | ||
| 945 | |d 19950511 00:00:00 |a aalvarez | ||
| 260 | |a Madrid |b McGraw-Hill |c 1993 | ||
| 650 | 0 | |a Protección del medio ambiente |9 257626 | |
| 650 | 0 | |a Recursos naturales |9 255232 | |
| 650 | 0 | |a Ecología |9 258124 | |
| 583 | |a last modification |c 19950511 00:00:00 |k Rodrigo Vera | ||
| 999 | |c 233149 |d 233147 | ||
| 952 | |0 0 |1 0 |4 0 |6 363_700000000000000_CAL_1993 |7 0 |8 A |9 238412 |a BIBING |b BIBING |d 2019-11-18 |i 3084086 |o 363.7 CAL 1993 |p 3084086 |r 2025-01-20 |w 2019-11-18 |y BK |k GEO | ||